Flow induced vibrations : (Record no. 11426)
[ view plain ]
| 000 -LEADER | |
|---|---|
| fixed length control field | 01134cam a2200289 i 4500 |
| 001 - CONTROL NUMBER | |
| control field | 393386 |
| 005 - DATE AND TIME OF LATEST TRANSACTION | |
| control field | 20161010151335.0 |
| 008 - FIXED-LENGTH DATA ELEMENTS--GENERAL INFORMATION | |
| fixed length control field | 800423s1979 nyua b 100 0 eng |
| 010 ## - LIBRARY OF CONGRESS CONTROL NUMBER | |
| LC control number | 79050128 |
| 020 ## - INTERNATIONAL STANDARD BOOK NUMBER | |
| International Standard Book Number | 9780080449548 |
| 040 ## - CATALOGING SOURCE | |
| Original cataloging agency | DLC |
| Transcribing agency | DLC |
| Modifying agency | DLC |
| 050 00 - LIBRARY OF CONGRESS CALL NUMBER | |
| Classification number | TA357 |
| Item number | .N37 1979 |
| 082 00 - DEWEY DECIMAL CLASSIFICATION NUMBER | |
| Classification number | 620.3 |
| Edition number | 20 |
| Item number | FLO |
| 111 2# - MAIN ENTRY--MEETING NAME | |
| Meeting name or jurisdiction name as entry element | National Congress on Pressure Vessels and Piping |
| Date of meeting | 1979 : |
| Location of meeting | San Francisco, Calif.) |
| 9 (RLIN) | 4248 |
| 245 10 - TITLE STATEMENT | |
| Title | Flow induced vibrations : |
| Remainder of title | Classifications and lessons from practical experience / |
| Statement of responsibility, etc | editors Shigehiko Kaneko ... et.al. |
| 260 ## - PUBLICATION, DISTRIBUTION, ETC. (IMPRINT) | |
| Place of publication, distribution, etc | Amesterdam: |
| Name of publisher, distributor, etc | Elsevier, |
| Date of publication, distribution, etc | c.2008. |
| 300 ## - PHYSICAL DESCRIPTION | |
| Extent | 284 p. : |
| Other physical details | ill. ; |
| Dimensions | 28 cm. |
| 500 ## - GENERAL NOTE | |
| General note | Includes Index. |
| 504 ## - BIBLIOGRAPHY, ETC. NOTE | |
| Bibliography, etc | Includes bibliographical references. |
| 650 #0 - SUBJECT ADDED ENTRY--TOPICAL TERM | |
| Topical term or geographic name as entry element | Vibration |
| General subdivision | Congresses. |
| 9 (RLIN) | 4250 |
| 650 #0 - SUBJECT ADDED ENTRY--TOPICAL TERM | |
| 9 (RLIN) | 4249 |
| Topical term or geographic name as entry element | Fluid dynamics |
| Form subdivision | Congresses |
| General subdivision | Congresses |
| 700 1# - ADDED ENTRY--PERSONAL NAME | |
| Personal name | Chen, Shoei-sheng. |
| 9 (RLIN) | 4251 |
| 700 1# - ADDED ENTRY--PERSONAL NAME | |
| Personal name | Bernstein, Martin D. |
| 9 (RLIN) | 4252 |
| 710 2# - ADDED ENTRY--CORPORATE NAME | |
| Corporate name or jurisdiction name as entry element | American Society of Mechanical Engineers. |
| Subordinate unit | Pressure Vessels and Piping Division. |
| 9 (RLIN) | 4253 |
| 710 2# - ADDED ENTRY--CORPORATE NAME | |
| Corporate name or jurisdiction name as entry element | American Society of Mechanical Engineers. |
| Subordinate unit | Nuclear Engineering Division. |
| 9 (RLIN) | 4254 |
| 942 ## - ADDED ENTRY ELEMENTS (KOHA) | |
| Source of classification or shelving scheme | Dewey Decimal Classification |
| Item type | Book - Borrowing |
| Withdrawn status | Item status | Source of classification or shelving scheme | Damaged status | Not for loan | Vendor | Home library | Current library | Shelving location | Date acquired | Source of acquisition | Cost, normal purchase price | Serial Enumeration / chronology | Total Checkouts | Full call number | Barcode | Date last seen | Date last borrowed | Koha item type |
|---|---|---|---|---|---|---|---|---|---|---|---|---|---|---|---|---|---|---|
| Dewey Decimal Classification | Baccah | Central Library | Central Library | First floor | 26/04/2009 | 988.00 | 7117 | 1 | 620.3 FLO | 000015958 | 15/07/2025 | 13/09/2010 | Book - Borrowing |